|
|
|
|
| LEADER |
01830cas a2200241 a 4500 |
| 001 |
AALejournalIMF016872 |
| 008 |
230101c9999 xx r poo 0 0eng d |
| 020 |
|
|
|c 5.00 USD
|
| 020 |
|
|
|z 9781475529241
|
| 022 |
|
|
|a 1934-7685
|
| 040 |
|
|
|a BD-DhAAL
|c BD-DhAAL
|
| 110 |
2 |
|
|a International Monetary Fund.
|b Monetary and Capital Markets Department.
|
| 245 |
1 |
0 |
|a Israel :
|b Technical Assistance Report- Consultations on the Work of the Banking Supervision Department of the Bank of Israel.
|
| 264 |
|
1 |
|a Washington, D.C. :
|b International Monetary Fund,
|c 2016.
|
| 300 |
|
|
|a 1 online resource (25 pages)
|
| 490 |
1 |
|
|a IMF Staff Country Reports
|
| 500 |
|
|
|a <strong>Off-Campus Access:</strong> No User ID or Password Required
|
| 500 |
|
|
|a <strong>On-Campus Access:</strong> No User ID or Password Required
|
| 506 |
|
|
|a Electronic access restricted to authorized BRAC University faculty, staff and students
|
| 520 |
3 |
|
|a This paper first takes a historical perspective, studying the implications of the oil boom of the 2000s on industry structure and economy-wide productivity. It then examines progress with the ongoing transition thus far both in the real sector and in the labor market, bearing in mind the short time span that has passed. This paper also explores two possible explanations for lagging productivity-namely, product market regulation and the low level of research and innovation. An extensive data set of mainland Norwegian firms is used to empirically assess the potential productivity gains from product market reforms as well as increasing research and development spending.
|
| 538 |
|
|
|a Mode of access: Internet
|
| 830 |
|
0 |
|a IMF Staff Country Reports; Country Report ;
|v No. 2016/177
|
| 856 |
4 |
0 |
|z Full text available on IMF
|u http://elibrary.imf.org/view/journals/002/2016/177/002.2016.issue-177-en.xml
|z IMF e-Library
|